000 01165nam a22002297a 4500
003 OSt
005 20160620105631.0
008 150407b xxu||||| |||| 00| 0 eng d
040 _cBMC
082 _a370
100 1 _935216
_aChicas Jovel, Karla Milagro
245 1 0 _aPsicomotricidad gruesa y fina para el nivel de Educación Parvularia
_b: Informe final de proyecto
_cKarla Milagro Chicas Jovel, Karla Dolores Padilla, Adriana Marisela Sánchez
260 _aSanta Ana (El Salvador)
_bUniversidad Católica de El Salvador
_c2009
300 _a152 h.
_bil. col
_c28 cm
_e+ 1 disco compacto
500 _aPrecede al tít.: Universidad Católica de El Salvador, Facultad de Ciencias y Humanidades
502 _aTrabajo de graduación para optar al grado académico de Licenciatura en Ciencias de la Educación especialidad en Educación Básica Educación y Licenciatura en Ciencias de la Educación especialidad en Parvularia
650 2 4 _9472
_aEducación
700 1 _935218
_aPadilla, Karla Dolores
700 1 _933351
_aSanchez, Adriana Marisela
710 2 _91075
_aUniversidad Católica de El Salvador
_bFacultad de Ciencias y Humanidades
942 _2ddc
_cTG
999 _c21606
_d21606